000
00336nam a2200145Ia 4500
999
_c
120
_d
120
003
OSt
008
191201s2009 xx 000 0 und d
100
_a
GOYAL, Gulshan
245
0
_a
Programming languages
250
_a
1st
260
_a
Ambala cantt
_b
Ishan Publications
_c
2009
300
_a
324
650
_a
B.Tech(CSE)
942
_2
ddc
_c
BK